[Event "Manavgat Turkey Cup"]
[Site "Manavgat"]
[Date "2016.02.02"]
[Round "5"]
[White "Akyuz, Murat"]
[Black "Erdem, Salih"]
[Result "1-0"]
[WhiteElo "1874"]
[BlackElo "1602"]
[PlyCount "49"]
[EventDate "2016.01.30"]
[EventType "swiss"]
[EventRounds "11"]
[EventCountry "TUR"]
[SourceTitle "CBM 170 Extra"]
[Source "ChessBase"]
[SourceDate "2016.02.25"]
[SourceVersion "1"]
[SourceVersionDate "2016.02.25"]
[SourceQuality "1"]

1. d4 d5 2. c4 e5 3. e3 exd4 4. exd4 Nf6 5. Nf3 Bg4 6. Be2 Bb4+ 7. Nc3 0-0 8. 0-0 dxc4 9. Bxc4 c6 10. Be3 Nbd7 11. Qb3 Bxc3 12. bxc3 Bxf3 13. gxf3 Nb6 14. Bd3 Nfd5 15. c4 Nxe3 16. fxe3 Kh8 17. Kh1 f5 18. Rg1 Qf6 19. f4 h6 20. Rg3 Rae8 21. Rag1 Re7 22. Qa3 a6 23. Rg6 Qf7 24. Rxg7 Qxg7 25. Rxg7 1-0

[Event "Manavgat Turkey Cup"]
[Site "Manavgat"]
[Date "2015.02.03"]
[Round "6"]
[White "Micoogullari, Lara"]
[Black "Akyuz, Murat"]
[Result "0-1"]
[WhiteElo "1625"]
[BlackElo "1902"]
[PlyCount "56"]
[EventDate "2015.01.31"]
[EventType "swiss"]
[EventRounds "11"]
[EventCountry "TUR"]
[SourceTitle "CBM 164 Extra"]
[Source "ChessBase"]
[SourceDate "2015.03.02"]
[SourceVersion "1"]
[SourceVersionDate "2015.03.02"]
[SourceQuality "1"]

1. Nf3 Nf6 2. d4 b5 3. g3 Bb7 4. Bg2 e6 5. 0-0 c5 6. e3 Qc7 7. b3 c4 8. Bb2 Ne4 9. c3 d5 10. Nbd2 Bd6 11. Nxe4 dxe4 12. Ng5 f5 13. Nxe6 Qe7 14. d5 Nd7 15. Nd4 0-0 16. Nxb5 Ne5 17. bxc4 Nxc4 18. Bc1 a6 19. Nxd6 Qxd6 20. Qb3 Bxd5 21. Rd1 Qe5 22. Qc2 Qe6 23. Qe2 Ne5 24. Qd2 Rfd8 25. Ba3 Nf3+ 26. Bxf3 exf3 27. Rab1 f4 28. c4 Qh3 0-1

[Event "Manavgat Turkey Cup"]
[Site "Manavgat"]
[Date "2015.02.01"]
[Round "3"]
[White "Akyuz, Murat"]
[Black "Ozsakallioglu, Okan"]
[Result "1-0"]
[WhiteElo "1902"]
[BlackElo "1528"]
[PlyCount "57"]
[EventDate "2015.01.31"]
[EventType "swiss"]
[EventRounds "11"]
[EventCountry "TUR"]
[SourceTitle "CBM 164 Extra"]
[Source "ChessBase"]
[SourceDate "2015.03.02"]
[SourceVersion "1"]
[SourceVersionDate "2015.03.02"]
[SourceQuality "1"]

1. d4 Nf6 2. c4 e6 3. Nf3 b6 4. Nc3 Bb7 5. a3 Be7 6. d5 exd5 7. cxd5 d6 8. e4 Nbd7 9. Nd4 a6 10. Nf5 g6 11. Nh6 Bf8 12. Qd4 Bg7 13. Bg5 Qe7 14. Be2 Qe5 15. Qe3 Bxh6 16. Bxh6 0-0-0 17. Bf4 Qe7 18. b4 Nh5 19. Bxh5 gxh5 20. 0-0 Rhg8 21. Rfc1 Rg6 22. Ne2 Rdg8 23. g3 Re8 24. Qc3 Ne5 25. Nd4 Rd8 26. Nf5 Qd7 27. Bxe5 dxe5 28. Qxe5 Re8 29. Rxc7+ 1-0

[Event "Kemer Turkey Cup"]
[Site "Kemer"]
[Date "2014.02.06"]
[Round "7"]
[White "Akyuz, Murat"]
[Black "Ozates, Tuna"]
[Result "1/2-1/2"]
[WhiteElo "1920"]
[BlackElo "1791"]
[PlyCount "195"]
[EventDate "2014.02.01"]
[EventType "swiss"]
[EventRounds "9"]
[EventCountry "TUR"]
[SourceTitle "CBM 158 Extra"]
[Source "ChessBase"]
[SourceDate "2014.02.28"]
[SourceVersion "1"]
[SourceVersionDate "2014.02.28"]
[SourceQuality "1"]

1. d4 d5 2. c4 e6 3. Nc3 Nf6 4. Nf3 Nbd7 5. cxd5 exd5 6. Bf4 c6 7. e3 Be7 8. Bd3 0-0 9. a3 a5 10. Qc2 Re8 11. 0-0 Nf8 12. Ne5 Ng6 13. Rab1 Nd7 14. Nxg6 hxg6 15. Nxd5 Bd6 16. Bxd6 cxd5 17. Bg3 Qf6 18. Qb3 Qe6 19. Rbc1 Nf6 20. Rc7 Nh5 21. Rfc1 Nxg3 22. hxg3 g5 23. R1c5 Rd8 24. Bb1 a4 25. Qd3 g6 26. Ba2 Qb6 27. Qb5 Qxb5 28. Rxb5 Be6 29. Rcc5 Rdc8 30. Rxc8+ Rxc8 31. Bxd5 Rc1+ 32. Kh2 Bxd5 33. Rxd5 Rc2 34. Rb5 Rxf2 35. Rxb7 Re2 36. Rb4 Kf8 37. e4 Ke7 38. e5 Ke6 39. Rxa4 Rxb2 40. Rb4 Ra2 41. a4 g4 42. Kg1 Kd5 43. Kf1 Ke4 44. Rb7 Rxa4 45. Rxf7 Rxd4 46. e6 Rd8 47. e7 Re8 48. Rf4+ Ke5 49. Rxg4 Rxe7 50. Rxg6 Kf5 51. Rg8 Ra7 52. Kf2 Ra2+ 53. Kg1 Ra6 54. Rh8 Kg6 55. Kh2 Kg7 56. Rh5 Kg6 57. g4 Ra4 58. Kh3 Ra3+ 59. g3 Ra2 60. Rb5 Ra6 61. Kh4 Rc6 62. g5 Rc4+ 63. g4 Rc6 64. Rf5 Rc1 65. Rf6+ Kg7 66. Ra6 Rh1+ 67. Kg3 Rg1+ 68. Kf3 Rf1+ 69. Kg2 Rb1 70. g6 Rb3 71. Rc6 Ra3 72. Rc5 Kxg6 73. Rf5 Rb3 74. Rf3 Rxf3 75. Kxf3 Kg5 76. Kg3 Kg6 77. Kf4 Kf6 78. Kg3 Kg6 79. Kh4 Kh6 80. g5+ Kg6 81. Kg4 Kg7 82. Kf4 Kg6 83. Kg4 Kg7 84. Kf5 Kf7 85. Kg4 Kg6 86. Kf4 Kg7 87. Kf5 Kf7 88. g6+ Kg7 89. Kg5 Kg8 90. Kg4 Kg7 91. Kf5 Kg8 92. Ke6 Kg7 93. Kf5 Kg8 94. Kg5 Kg7 95. Kh5 Kg8 96. Kh6 Kh8 97. g7+ Kg8 98. Kg6 1/2-1/2

[Event "TUR-ch"]
[Site "Antalya"]
[Date "2013.02.08"]
[Round "10"]
[White "Saba, Zafer Rabin"]
[Black "Akyuz, Murat"]
[Result "0-1"]
[WhiteElo "1793"]
[BlackElo "1924"]
[PlyCount "66"]
[EventDate "2013.02.02"]
[EventType "swiss"]
[EventRounds "11"]
[EventCountry "TUR"]
[SourceTitle "CBM 152 Extra"]
[Source "ChessBase"]
[SourceDate "2013.02.25"]
[SourceVersion "1"]
[SourceVersionDate "2013.02.25"]
[SourceQuality "1"]

1. e4 c5 2. Nf3 d6 3. d4 cxd4 4. Nxd4 Nf6 5. f3 e5 6. Ne2 d5 7. Bg5 d4 8. Ng3 h6 9. Bc1 Be6 10. Bd3 Nc6 11. 0-0 Bd6 12. a3 0-0 13. Nd2 Rc8 14. Nf5 Ne7 15. Nxd6 Qxd6 16. Re1 Ng6 17. Nf1 Nh5 18. Ng3 Nhf4 19. Ne2 Nxd3 20. cxd3 Qb6 21. b4 Rc7 22. f4 Bg4 23. f5 Ne7 24. h3 Bxe2 25. Qxe2 Rfc8 26. Bd2 Rc2 27. Rec1 Qa6 28. Rxc2 Rxc2 29. Qd1 Qxd3 30. f6 Ng6 31. Rc1 Rxd2 32. Qg4 gxf6 33. Rc7 Qe2 0-1

[Event "TUR-ch"]
[Site "Antalya"]
[Date "2013.02.06"]
[Round "7"]
[White "Akyuz, Murat"]
[Black "Samani, Yamac"]
[Result "1-0"]
[WhiteElo "1924"]
[BlackElo "1772"]
[PlyCount "117"]
[EventDate "2013.02.02"]
[EventType "swiss"]
[EventRounds "11"]
[EventCountry "TUR"]
[SourceTitle "CBM 152 Extra"]
[Source "ChessBase"]
[SourceDate "2013.02.25"]
[SourceVersion "1"]
[SourceVersionDate "2013.02.25"]
[SourceQuality "1"]

1. d4 Nf6 2. c4 e6 3. Nc3 Bb4 4. a3 Bxc3+ 5. bxc3 c5 6. g3 0-0 7. Bg2 cxd4 8. cxd4 d5 9. cxd5 exd5 10. Nh3 Nc6 11. 0-0 Re8 12. e3 Ne4 13. Nf4 Na5 14. f3 Nf6 15. Qd3 Nc6 16. Bb2 g5 17. Nh3 h6 18. Nf2 Be6 19. e4 Rc8 20. e5 Nh7 21. Ng4 Kg7 22. Ne3 Qd7 23. f4 gxf4 24. Rxf4 Ne7 25. h4 Rg8 26. Raf1 Rcf8 27. Rf6 Ng6 28. Nf5+ Bxf5 29. R6xf5 Ne7 30. Rf6 Nxf6 31. exf6+ Kh8 32. fxe7 Qxe7 33. Bxd5 Qd6 34. Bg2 Rxg3 35. d5+ f6 36. Rf3 Rxf3 37. Qxf3 Qb6+ 38. Qf2 Qxf2+ 39. Kxf2 Kg7 40. Ke3 Kg6 41. Kf4 Kf7 42. Kf5 Ke7 43. a4 Rg8 44. Bxf6+ Kd6 45. Be5+ Kd7 46. Bh3 Rg1 47. Kf6+ Kd8 48. Ke6 Rh1 49. Bf6+ Ke8 50. Bg4 Re1+ 51. Kd6 Kf7 52. Bd4 Re4 53. Be6+ Ke8 54. Bxa7 Rxh4 55. Bc8 Kd8 56. Bd7 Rb4 57. a5 h5 58. Bb6+ Rxb6+ 59. axb6 1-0

[Event "TUR-ch"]
[Site "Kemer"]
[Date "2012.02.01"]
[Round "6"]
[White "Kilic, Efe Mert"]
[Black "Akyuz, Murat"]
[Result "0-1"]
[WhiteElo "1616"]
[BlackElo "1900"]
[PlyCount "42"]
[EventDate "2012.01.29"]
[EventType "swiss"]
[EventRounds "10"]
[EventCountry "TUR"]
[SourceTitle "CBM 146 Extra"]
[Source "ChessBase"]
[SourceDate "2012.02.29"]
[SourceVersion "1"]
[SourceVersionDate "2012.02.29"]
[SourceQuality "1"]

1. e4 c5 2. Nf3 d6 3. c3 Nf6 4. Be2 Nc6 5. d4 Bd7 6. e5 Ne4 7. d5 Nxe5 8. Nxe5 dxe5 9. Qc2 Nd6 10. 0-0 g6 11. c4 Bg7 12. Nc3 0-0 13. f3 Nf5 14. Bd3 Nd4 15. Qf2 f5 16. Be3 e4 17. Bb1 f4 18. Bc1 exf3 19. gxf3 Nb3 20. Ne2 Nxa1 21. Kh1 Bf5 0-1

[Event "TUR-ch"]
[Site "Kemer"]
[Date "2012.01.29"]
[Round "2"]
[White "Akyuz, Murat"]
[Black "Eminov, Orkhan"]
[Result "1/2-1/2"]
[WhiteElo "1900"]
[BlackElo "2216"]
[PlyCount "177"]
[EventDate "2012.01.29"]
[EventType "swiss"]
[EventRounds "10"]
[EventCountry "TUR"]
[SourceTitle "CBM 146 Extra"]
[Source "ChessBase"]
[SourceDate "2012.02.29"]
[SourceVersion "1"]
[SourceVersionDate "2012.02.29"]
[SourceQuality "1"]

1. d4 Nf6 2. c4 e6 3. Nf3 b6 4. a3 Bb7 5. Nc3 Ne4 6. Qc2 Nxc3 7. Qxc3 Be7 8. e3 0-0 9. Be2 Bf6 10. b4 d6 11. Qc2 c5 12. Bb2 Nd7 13. 0-0 Rc8 14. Rfd1 cxd4 15. Nxd4 a6 16. Qb3 Qc7 17. Rac1 Rfd8 18. Bf3 h6 19. h3 Qb8 20. Rc2 Bxf3 21. Nxf3 Bxb2 22. Rxb2 b5 23. cxb5 axb5 24. Qd3 d5 25. Rc2 Qb7 26. Rdc1 Rc4 27. Rxc4 dxc4 28. Qd6 Rc8 29. Nd4 Nf6 30. Qe5 Rb8 31. f3 Nd5 32. e4 Ne7 33. Kh1 Qb6 34. Qc5 Qxc5 35. bxc5 e5 36. Ne2 Nc6 37. a4 Na5 38. axb5 Rxb5 39. Nc3 Rxc5 40. Ra1 g6 41. Kg1 f5 42. g3 Kf7 43. Kf2 Ke6 44. h4 h5 45. g4 hxg4 46. fxg4 f4 47. h5 gxh5 48. gxh5 Kf6 49. Rg1 Rc8 50. Rg6+ Kf7 51. Nb5 Rh8 52. Ra6 Nb3 53. Nd6+ Ke7 54. Nxc4 Rxh5 55. Nxe5 Rxe5 56. Kf3 Nc5 57. Kxf4 Rxe4+ 58. Kf5 Rb4 59. Ra7+ Nd7 60. Ra1 Rb5+ 61. Ke4 Ke6 62. Rh1 Rb4+ 63. Ke3 Ne5 64. Rh8 Rb3+ 65. Ke4 Rb4+ 66. Ke3 Nf7 67. Ra8 Kf5 68. Rf8 Ke6 69. Ra8 Nd6 70. Rh8 Ke5 71. Rh5+ Nf5+ 72. Kd3 Rf4 73. Rh8 Rf3+ 74. Kc4 Nd6+ 75. Kc5 Rc3+ 76. Kb4 Rc1 77. Rh2 Ne4 78. Rh8 Kd5 79. Rd8+ Nd6 80. Rd7 Rc8 81. Kb3 Rc5 82. Kb4 Rc4+ 83. Kb3 Rg4 84. Kc3 Kc6 85. Rh7 Ne4+ 86. Kd3 Kd5 87. Rh5+ Ng5 88. Ke3 Ke5 89. Kd3 1/2-1/2